000 00455nam a2200181Ia 4500
001 20428
005 20260306172805.0
008 260306t2013||||xx |||||||||||||| ||spa||
041 _aESP
082 _a343.2J
_bT81 T. 1
100 _aTribunal Constitucional del PerĂº
_eAUT
245 0 _aJurisprudencia relevante del Tribunal Constitucional
260 _c2013
300 _a
_c24 cm.
650 _aGEN
654 _aCDE
942 _cLIB
_dJUS
_fJUS
_2ddc
_n
999 _c20428
_d20428